01276nam a2200193Ia 4500952009800000999001700098008004100115020001500156050001700171100003800188245008400226250001900310260003200329300001800361505065400379519000901033650002801042942001201070 00102lcc4070a01b01d2022-09-05l0oPC4571 M37p16 001515r2023-07-12t1w2022-09-05yLB c70178d70178120626s1996 mx 000 0 spa d a968412984X aPC4571 bM37 aMateos Muñoz, Agustín eautor aCompendio de etimologias grecolatinas del español c/ Agustin Mateos Muñoz a35a. edición aMéxicob: Esfingec, 1996 a408 páginas aConcepto y definición de etimología Elementos del español (Latinos y no latinos) Alfabeto latino Evolución fonética de las vocales latinas (tónicas y átonas) Asimilación de las vocales y consonantes Enunciado de sustantivos y adjetivos latinos para distinguir géneros y declinación a que pertenecen El adverbio latino en cuanto trasciende al español Elementos morfológicos de las palabras españolas El alfabeto griego y su valor fonético Enunciado de sustantivos y adjetivos griegos para distinguir géneros y declinación a que pertenecen Los adverbios griegos y su huella en el español  a d  0aESPAÑOLxETIMOLOGÍA cLB2lcc